| 000 | 00531nam a2200181Ia 4500 | ||
|---|---|---|---|
| 005 | 20250326141956.0 | ||
| 008 | 250326s9999 xx 000 0 und d | ||
| 037 | _aTextbook | ||
| 040 |
_aFMSL _beng _cFMSL |
||
| 041 |
_aeng _2eng |
||
| 084 |
_aX:89ZB(Y31).44 M8 _qFMSL |
||
| 100 |
_aReddy K V _9740658 |
||
| 245 | 0 |
_aRural development in India: Poverty and development _cReddy K V |
|
| 260 |
_aDelhi _bDelhi, Himalaya _c1988 |
||
| 300 | _a490p | ||
| 942 |
_cTB _hX:89ZB(Y31).44 M8 |
||
| 999 |
_c1292868 _d1292868 |
||